[Event "Festival INGEM - PLZEŇ 2012"]
[Site "Plzeň (Česká republika)"]
[Date "2012.08.19"]
[Round "2.17"]
[White "Hollan, Petr"]
[Black "Chudinovskikh, Alexander M"]
[Result "0-1"]
[WhiteElo "1718"]
[BlackElo "2248"]
[PlyCount "102"]
[EventDate "2012.08.18"]
[Source "ChessBase"]
[SourceDate "1996.11.15"]

1. e4 e5 2. Nf3 Nc6 3. d4 exd4 4. Nxd4 Nf6 5. Nxc6 bxc6 6. Bd3 d6 7. Nc3 g6 8.
O-O Bg7 9. Bg5 h6 10. Bd2 O-O 11. f4 Ng4 12. Qe2 Bd4+ 13. Kh1 Nxh2 14. g3 Nxf1
15. Rxf1 Bh3 16. Rc1 h5 17. Be3 Bg4 18. Qf2 Bxe3 19. Qxe3 d5 20. exd5 cxd5 21.
f5 g5 22. f6 Qxf6 23. Rf1 Rae8 24. Qd2 Bf3+ 25. Kg1 c6 26. Qf2 g4 27. Ne2 Re5
28. Nd4 Rfe8 29. Nxf3 Qxf3 30. Qxf3 gxf3 31. Rxf3 Re3 32. Rxe3 Rxe3 33. Kf2 Re5
34. b4 Kg7 35. a4 Kf6 36. b5 cxb5 37. axb5 Re6 38. c4 dxc4 39. Bxc4 Re4 40. Bd3
Rb4 41. Be2 Kg5 42. Ke3 Rb3+ 43. Bd3 Kg4 44. Kd4 Kxg3 45. Bc4 Rb1 46. Kc5 f5
47. b6 f4 48. Bb5 Rd1 49. Be2 Rc1+ 50. Bc4 Re1 51. Kc6 Re8 0-1

[Event "Festival INGEM - PLZEŇ 2012"]
[Site "Plzeň (Česká republika)"]
[Date "2012.08.19"]
[Round "2.20"]
[White "Michalek, Jan"]
[Black "Kellner, Rene"]
[Result "1-0"]
[WhiteElo "2327"]
[BlackElo "1688"]
[PlyCount "81"]
[EventDate "2012.08.18"]
[Source "ChessBase"]
[SourceDate "1996.11.15"]

1. e4 e5 2. Nf3 Nc6 3. Bb5 d6 4. d4 exd4 5. Qxd4 Bd7 6. Bxc6 Bxc6 7. Bg5 Ne7 8.
Nc3 f6 9. Be3 Ng6 10. O-O-O Qd7 11. Nd2 b6 12. a4 a5 13. Rhe1 Be7 14. Nd5 Kf7
15. Nc3 Rhe8 16. Qc4+ Kf8 17. f4 Bb7 18. Nf3 Ba6 19. Qd5 Qc8 20. Nd4 Bb7 21.
Ne6+ Kg8 22. Qc4 d5 23. exd5 Bd6 24. Nb5 Ba6 25. Qb3 Bxb5 26. Qxb5 Nf8 27. Bd2
Nxe6 28. dxe6 Re7 29. g4 Qb7 30. h3 Qf3 31. Qb3 Qc6 32. f5 Rd8 33. Kb1 Kf8 34.
Bf4 Ke8 35. Bxd6 Rxd6 36. Rxd6 Qxd6 37. Qf3 Kf8 38. Rd1 Qc5 39. Rd8+ Re8 40.
Qa8 Qe7 41. Rxe8+ 1-0

[Event "Festival INGEM - PLZEŇ 2012"]
[Site "Plzeň (Česká republika)"]
[Date "2012.08.19"]
[Round "2.21"]
[White "Hollan, Martin"]
[Black "Chalus, Karel"]
[Result "1-0"]
[WhiteElo "1670"]
[BlackElo "2049"]
[PlyCount "67"]
[EventDate "2012.08.18"]
[Source "ChessBase"]
[SourceDate "1996.11.15"]

1. d4 Nf6 2. c4 c5 3. d5 e6 4. Nc3 exd5 5. cxd5 d6 6. e4 g6 7. f3 Bg7 8. Be3
O-O 9. Bd3 Re8 10. Nge2 Nbd7 11. Bc2 a6 12. a4 Nb6 13. Qd3 Nbd7 14. Qd2 Ne5 15.
b3 Bd7 16. h3 Nh5 17. f4 Qh4+ 18. Bf2 Qe7 19. fxe5 Qxe5 20. g4 Nf6 21. Bg3 Qe7
22. Qf4 Nxe4 23. Bxe4 Be5 24. Qf2 f5 25. gxf5 Bxf5 26. O-O-O Bxc3 27. Bxf5 Qg5+
28. Kc2 gxf5 29. Nxc3 f4 30. Bxf4 Qf5+ 31. Kb2 b5 32. Qg3+ Kh8 33. Qg5 Qf7 34.
Bxd6 1-0

[Event "Festival INGEM - PLZEŇ 2012"]
[Site "Plzeň (Česká republika)"]
[Date "2012.08.19"]
[Round "2.22"]
[White "Kantor, Jozef"]
[Black "Leseticky, Vladimir"]
[Result "0-1"]
[WhiteElo "1884"]
[BlackElo "1647"]
[PlyCount "72"]
[EventDate "2012.08.18"]
[Source "ChessBase"]
[SourceDate "1996.11.15"]

1. e4 c5 2. Nf3 Nc6 3. d4 cxd4 4. Nxd4 e5 5. Nb5 d6 6. c3 a6 7. N5a3 Nf6 8. Bc4
Be7 9. Qe2 O-O 10. O-O Bg4 11. f3 Bh5 12. Qf2 Bg6 13. Rd1 Nh5 14. Bd5 Bg5 15.
Bxg5 Qxg5 16. Nc4 Nf4 17. Kh1 Rad8 18. Nba3 Qf6 19. Ne3 h5 20. Rd2 h4 21. Rad1
h3 22. g3 Ne6 23. Ng4 Qg5 24. b4 Nc7 25. Bb3 Bxe4 26. Ne3 Bg6 27. Qe2 Bh5 28.
Nac4 e4 29. g4 exf3 30. Qxf3 Bg6 31. Qxh3 Be4+ 32. Kg1 Ne6 33. Nxd6 Nf4 34. Qg3
Rxd6 35. h4 Qe5 36. Nc4 Ne2+ 0-1

[Event "Festival INGEM - PLZEŇ 2012"]
[Site "Plzeň (Česká republika)"]
[Date "2012.08.19"]
[Round "2.23"]
[White "Berka, Lubos"]
[Black "Holy, Filip"]
[Result "1-0"]
[WhiteElo "1862"]
[BlackElo "1579"]
[PlyCount "123"]
[EventDate "2012.08.18"]
[Source "ChessBase"]
[SourceDate "1996.11.15"]

1. e4 c6 2. d4 d5 3. Nc3 dxe4 4. Nxe4 Bf5 5. Ng3 Bg6 6. Nf3 Nd7 7. Nh4 e6 8.
Nxg6 hxg6 9. Be3 Qc7 10. Qd2 Ngf6 11. Bf4 Bd6 12. Bxd6 Qxd6 13. O-O-O O-O-O 14.
Qa5 Kb8 15. Kb1 c5 16. Rd3 cxd4 17. Qd2 Nc5 18. Ra3 Nce4 19. Nxe4 Nxe4 20. Qa5
Qc5 21. Qxc5 Nxc5 22. Rf3 f6 23. Bc4 e5 24. h3 Kc7 25. Rd1 Rd6 26. Rg3 g5 27.
Kc1 Rh4 28. f3 Nd7 29. Bd3 Nb6 30. Rg4 Nd5 31. Rg1 Ne3 32. Re4 Rxe4 33. Bxe4 f5
34. Bd3 Rc6 35. g3 a6 36. Kd2 Nc4+ 37. Bxc4 Rxc4 38. h4 g4 39. fxg4 fxg4 40.
Rf1 Kb6 41. Re1 Rc5 42. Re4 Rd5 43. Rxg4 Rd7 44. Kd3 Kc6 45. Ke4 Re7 46. Rg6+
Kc5 47. g4 a5 48. h5 a4 49. g5 Kc4 50. a3 Rf7 51. Kxe5 Rf2 52. Rxg7 Re2+ 53.
Kf5 Rxc2 54. h6 Rh2 55. h7 d3 56. Rd7 d2 57. g6 Kb3 58. Rxd2 Rxd2 59. h8=Q Rf2+
60. Ke4 Rxb2 61. Qh3+ Ka2 62. g7 1-0

[Event "Festival INGEM - PLZEŇ 2012"]
[Site "Plzeň (Česká republika)"]
[Date "2012.08.19"]
[Round "2.24"]
[White "Molnar, Ladislav"]
[Black "Fakan, Petr"]
[Result "1-0"]
[WhiteElo "1807"]
[BlackElo "1495"]
[PlyCount "37"]
[EventDate "2012.08.18"]
[Source "ChessBase"]
[SourceDate "1996.11.15"]

1. e4 d6 2. d4 Nf6 3. Bd3 Nc6 4. c3 e5 5. d5 Ne7 6. f4 Bg4 7. Nf3 Ng6 8. h3
Bxf3 9. Qxf3 exf4 10. Bxf4 Be7 11. O-O Ne5 12. Bxe5 dxe5 13. Qg3 Qd6 14. Qf2
O-O-O 15. Qxa7 Nd7 16. Nd2 Qh6 17. Qa8+ Nb8 18. Nc4 b5 19. Nxe5 1-0

[Event "Festival INGEM - PLZEŇ 2012"]
[Site "Plzeň (Česká republika)"]
[Date "2012.08.19"]
[Round "2.25"]
[White "Smrckova, Svetlana"]
[Black "Silhavy, Miroslav"]
[Result "1-0"]
[WhiteElo "1578"]
[BlackElo "1781"]
[PlyCount "125"]
[EventDate "2012.08.18"]
[Source "ChessBase"]
[SourceDate "1996.11.15"]

1. e4 c5 2. Nf3 d6 3. Bc4 a6 4. a4 Nd7 5. d4 cxd4 6. Nxd4 Ngf6 7. Nc3 Ne5 8.
Bb3 Bd7 9. f3 e6 10. Be3 Be7 11. O-O Rc8 12. Qe2 Rc7 13. Nd1 Qc8 14. Nf2 Nc4
15. Bxc4 Rxc4 16. b3 Rc3 17. Bd2 Rc7 18. c4 e5 19. Nc2 Nh5 20. Nd3 g5 21. Ncb4
Be6 22. Nd5 Bxd5 23. exd5 Rg8 24. Ba5 Rd7 25. Qe4 f5 26. Qxf5 Rg7 27. c5 Nf4
28. c6 bxc6 29. Nxf4 gxf4 30. Rac1 c5 31. Qd3 Bd8 32. Bxd8 Kxd8 33. b4 Rc7 34.
bxc5 Rxc5 35. Rxc5 Qxc5+ 36. Kh1 a5 37. Qf5 Rd7 38. Rb1 Kc7 39. Qf8 Rd8 40.
Qg7+ Rd7 41. Qg8 Rd8 42. Qxh7+ Rd7 43. Qd3 Kc8 44. Qd2 Kd8 45. Rb5 Qa3 46.
Qxa5+ Ke7 47. Qe1 Qxa4 48. Qh4+ Kf7 49. Qh7+ Kf6 50. Qh8+ Rg7 51. Qd8+ Kf5 52.
Qf8+ Kg6 53. Qxd6+ Kh7 54. Rb1 Qc2 55. Rg1 Qd2 56. Qxe5 Rg6 57. Qe7+ Kh6 58.
Qe4 Kg7 59. h4 Rh6 60. Qe7+ Kh8 61. Rb1 Rg6 62. Rb8+ Rg8 63. Qe5+ 1-0

[Event "Festival INGEM - PLZEŇ 2012"]
[Site "Plzeň (Česká republika)"]
[Date "2012.08.20"]
[Round "3.1"]
[White "Vlasak, Lukas"]
[Black "Sura, Jaroslav"]
[Result "1-0"]
[WhiteElo "2291"]
[BlackElo "2123"]
[PlyCount "109"]
[EventDate "2012.08.18"]
[Source "ChessBase"]
[SourceDate "1996.11.15"]

1. e4 e5 2. Nf3 Nc6 3. Bb5 Bc5 4. c3 Nf6 5. Qe2 Qe7 6. O-O O-O 7. d3 h6 8. Nbd2
a6 9. Ba4 b5 10. Bc2 d5 11. Nb3 dxe4 12. dxe4 Bb6 13. Be3 Bxe3 14. Qxe3 Be6 15.
Qc5 Bxb3 16. Qxe7 Nxe7 17. axb3 Ng6 18. Rfd1 Rfb8 19. b4 Kf8 20. g3 Ke7 21. Nd2
Nd7 22. Nb3 Ngf8 23. Na5 Rb6 24. Bb3 Nf6 25. f3 N8d7 26. Rd2 c5 27. Bd5 Nxd5
28. bxc5 Nxc5 29. Rxd5 Nd7 30. Rad1 Ra7 31. Kf2 Rc7 32. Nb3 Rbc6 33. f4 f6 34.
Kf3 Rb6 35. R1d2 Rbc6 36. h4 Rb6 37. Nc1 a5 38. Nd3 exf4 39. gxf4 Rbb7 40. e5
fxe5 41. fxe5 a4 42. Rg2 a3 43. bxa3 Rxc3 44. Rxg7+ Ke8 45. Ke2 Rxa3 46. Nf4
Raa7 47. Nh5 Kf8 48. e6 Ra2+ 49. Ke3 Ra3+ 50. Kf4 Ra4+ 51. Kf5 Rxh4 52. Rf7+
Kg8 53. Nf6+ Nxf6 54. Rd8+ Ne8 55. Rxe8# 1-0

[Event "Festival INGEM - PLZEŇ 2012"]
[Site "Plzeň (Česká republika)"]
[Date "2012.08.20"]
[Round "3.2"]
[White "Ondrejat, Miroslav"]
[Black "Haba, Zdenek"]
[Result "0-1"]
[WhiteElo "2060"]
[BlackElo "2236"]
[PlyCount "100"]
[EventDate "2012.08.18"]
[Source "ChessBase"]
[SourceDate "1996.11.15"]

1. e4 c5 2. Nf3 d6 3. d4 cxd4 4. Nxd4 Nf6 5. Nc3 a6 6. Be3 g6 7. f3 Bg7 8. Qd2
Nbd7 9. O-O-O b5 10. g4 Bb7 11. g5 Nh5 12. Nce2 Nb6 13. Ng3 Nxg3 14. hxg3 d5
15. Nb3 Na4 16. Bd4 e5 17. Bf2 dxe4 18. Qe3 Qc7 19. fxe4 Rc8 20. Bd3 O-O 21. g4
f6 22. Bh4 f5 23. gxf5 gxf5 24. exf5 e4 25. Bg3 Bxb2+ 26. Kb1 Be5 27. Bxe5 Qxe5
28. Nd4 Nc3+ 29. Kc1 Nxd1 30. Kxd1 Rxf5 31. Nxf5 Qxf5 32. Be2 Qd5+ 33. Ke1 Rxc2
34. g6 hxg6 35. Qh6 Qd2+ 36. Qxd2 Rxd2 37. Kxd2 e3+ 38. Kxe3 Bxh1 39. a4 bxa4
40. Bxa6 Bd5 41. Kd4 a3 42. Kc3 Kf7 43. Bd3 g5 44. Be2 Kf6 45. Kc2 Ke5 46. Kb1
Kf4 47. Ka1 Bf3 48. Bc4 g4 49. Be6 g3 50. Bh3 Bd5 0-1

[Event "Festival INGEM - PLZEŇ 2012"]
[Site "Plzeň (Česká republika)"]
[Date "2012.08.20"]
[Round "3.3"]
[White "Smilek, Petr"]
[Black "Mukashev, Assan"]
[Result "1/2-1/2"]
[WhiteElo "1991"]
[BlackElo "2217"]
[PlyCount "27"]
[EventDate "2012.08.18"]
[Source "ChessBase"]
[SourceDate "1996.11.15"]

1. d4 Nf6 2. c4 g6 3. Nc3 d5 4. Nf3 Bg7 5. cxd5 Nxd5 6. g3 c5 7. Bg2 Nc6 8. O-O
Nxc3 9. bxc3 cxd4 10. Nxd4 Nxd4 11. cxd4 Qxd4 12. Rb1 Qxd1 13. Rxd1 O-O 14. Ba3
1/2-1/2

[Event "Festival INGEM - PLZEŇ 2012"]
[Site "Plzeň (Česká republika)"]
[Date "2012.08.20"]
[Round "3.4"]
[White "Bartos, Jan"]
[Black "Sladek, Jaroslav"]
[Result "1-0"]
[WhiteElo "2211"]
[BlackElo "2011"]
[PlyCount "41"]
[EventDate "2012.08.18"]
[Source "ChessBase"]
[SourceDate "1996.11.15"]

1. d4 d5 2. c4 e6 3. Nf3 c5 4. cxd5 exd5 5. g3 Nc6 6. Bg2 cxd4 7. Nxd4 Bc5 8.
Nb3 Bb4+ 9. Bd2 Bxd2+ 10. Qxd2 Nf6 11. Nc3 Be6 12. O-O Na5 13. Nxd5 Nc4 14.
Nxf6+ Qxf6 15. Qb4 Rb8 16. Bc6+ Kd8 17. Rfd1+ Kc7 18. Bb5 Rbd8 19. Bxc4 Rxd1+
20. Rxd1 Rd8 21. Qa5+ 1-0

[Event "Festival INGEM - PLZEŇ 2012"]
[Site "Plzeň (Česká republika)"]
[Date "2012.08.20"]
[Round "3.5"]
[White "Plischki, Sebastian"]
[Black "Bartosek, Ivan"]
[Result "1-0"]
[WhiteElo "2365"]
[BlackElo "1941"]
[PlyCount "59"]
[EventDate "2012.08.18"]
[Source "ChessBase"]
[SourceDate "1996.11.15"]

1. d4 e6 2. Nf3 d5 3. c4 dxc4 4. e3 b5 5. a4 c6 6. axb5 cxb5 7. b3 Qd5 8. bxc4
bxc4 9. Bd2 Qb5 10. Ne5 Qb3 11. Qf3 Qb7 12. Be2 Nf6 13. O-O Bd6 14. Nxc4 Bc7
15. Nc3 O-O 16. Rfb1 Qc6 17. Na5 Bxa5 18. Rxa5 Nd5 19. Nxd5 exd5 20. Rc5 Qg6
21. Rb3 Bf5 22. Qxd5 Be6 23. Qxa8 Bxb3 24. Qxa7 Qb1+ 25. Rc1 Qb2 26. Qa5 Nd7
27. Qc3 Qa2 28. Ra1 Qc2 29. Qxc2 Bxc2 30. f3 1-0

[Event "Festival INGEM - PLZEŇ 2012"]
[Site "Plzeň (Česká republika)"]
[Date "2012.08.20"]
[Round "3.6"]
[White "Fiala, Jaroslav"]
[Black "Neuman, Petr"]
[Result "0-1"]
[WhiteElo "2225"]
[BlackElo "2476"]
[PlyCount "78"]
[EventDate "2012.08.18"]
[Source "ChessBase"]
[SourceDate "1996.11.15"]

1. d4 g6 2. e4 Bg7 3. Nc3 d6 4. Be3 a6 5. Qd2 b5 6. Bd3 Nd7 7. f4 Bb7 8. Nf3 c5
9. dxc5 Nxc5 10. Bxc5 dxc5 11. e5 Bxf3 12. gxf3 c4 13. Be4 Qxd2+ 14. Kxd2
O-O-O+ 15. Ke3 e6 16. a4 b4 17. Nb5 Bf8 18. Na7+ Kc7 19. Nc6 Bc5+ 20. Ke2 Rd5
21. Na5 f5 22. Bxd5 exd5 23. Rad1 Ne7 24. h4 h5 25. Rd2 Kb6 26. Nxc4+ dxc4 27.
Rhd1 Kc6 28. Rd7 b3 29. c3 a5 30. Kf1 Re8 31. Kg2 Nc8 32. Rg7 Ne7 33. Kg3 Rc8
34. Rf7 Rc7 35. Rf6+ Kb7 36. Rd2 Nc8 37. Rxg6 Nb6 38. Rg5 Nxa4 39. Rxf5 Nxb2
0-1

[Event "Festival INGEM - PLZEŇ 2012"]
[Site "Plzeň (Česká republika)"]
[Date "2012.08.20"]
[Round "3.7"]
[White "Eretova, Jana"]
[Black "Kireev, Aleksei"]
[Result "0-1"]
[WhiteElo "2087"]
[BlackElo "2345"]
[PlyCount "72"]
[EventDate "2012.08.18"]
[Source "ChessBase"]
[SourceDate "1996.11.15"]

1. e4 d6 2. d4 g6 3. Nc3 c6 4. a4 e5 5. Nf3 Bg7 6. Be2 Nd7 7. a5 Nh6 8. h3 f6
9. Be3 Nf7 10. O-O O-O 11. d5 c5 12. a6 b6 13. Bb5 Nb8 14. Nd2 f5 15. f4 exf4
16. Bxf4 g5 17. Bg3 f4 18. Bf2 Bxc3 19. bxc3 Nd7 20. Bxd7 Bxd7 21. Re1 Qf6 22.
Nc4 Rae8 23. Qf3 Qg6 24. g4 fxg3 25. Qxg3 Rxe4 26. Rxe4 Qxe4 27. Nxd6 Qxd5 28.
Nxf7 Rxf7 29. Re1 Bc6 30. Qb8+ Rf8 31. Qh2 h6 32. c4 Qf3 33. Re6 Rf4 34. Re3
Qd1+ 35. Be1 Kf7 36. h4 Rg4+ 0-1

[Event "Festival INGEM - PLZEŇ 2012"]
[Site "Plzeň (Česká republika)"]
[Date "2012.08.20"]
[Round "3.8"]
[White "Piankov, Evgenij"]
[Black "Hercik, Josef"]
[Result "1-0"]
[WhiteElo "2338"]
[BlackElo "1935"]
[PlyCount "53"]
[EventDate "2012.08.18"]
[Source "ChessBase"]
[SourceDate "1996.11.15"]

1. d4 Nf6 2. Nf3 d5 3. Bf4 c6 4. e3 Bf5 5. c4 e6 6. Qb3 Qc8 7. Nc3 Nbd7 8. Rc1
b6 9. cxd5 exd5 10. Nb5 cxb5 11. Rxc8+ Rxc8 12. Be2 Rc1+ 13. Bd1 Bc2 14. Qxc2
Rxc2 15. Bxc2 Bb4+ 16. Ke2 O-O 17. a3 Be7 18. Ne5 Nxe5 19. Bxe5 Ne4 20. Bb3 Rd8
21. Rc1 f6 22. Bc7 Rd7 23. f3 Ng5 24. e4 Kf7 25. Bxd5+ Kg6 26. h4 Nf7 27. h5+
1-0

[Event "Festival INGEM - PLZEŇ 2012"]
[Site "Plzeň (Česká republika)"]
[Date "2012.08.20"]
[Round "3.9"]
[White "Dungl, Martin"]
[Black "Vorobyov, Yrij"]
[Result "0-1"]
[WhiteElo "1991"]
[BlackElo "2254"]
[PlyCount "125"]
[EventDate "2012.08.18"]
[Source "ChessBase"]
[SourceDate "1996.11.15"]

1. d4 d5 2. c4 e6 3. Nc3 a6 4. Nf3 dxc4 5. a4 Nc6 6. e3 Na5 7. Nd2 c5 8. Nxc4
Nxc4 9. Bxc4 cxd4 10. exd4 Nf6 11. O-O Bd6 12. Qe2 O-O 13. Bg5 h6 14. Bxf6 Qxf6
15. Ne4 Qe7 16. Nxd6 Qxd6 17. Rfd1 Bd7 18. Qe5 Qxe5 19. dxe5 Bc6 20. Bb3 Rfc8
21. f4 Kf8 22. Kf2 Ke7 23. Rd6 Rc7 24. Rad1 Be8 25. g4 Rc5 26. Ke3 Rac8 27. h4
Rc1 28. f5 Rxd1 29. Rxd1 Rc5 30. Kf4 Bd7 31. g5 hxg5+ 32. hxg5 exf5 33. Bxf7
Bxa4 34. Rd4 Kxf7 35. Rxa4 Ke6 36. Rb4 b5 37. Rd4 Rxe5 38. Rd8 Re4+ 39. Kf3 a5
40. Rb8 Rb4 41. Rb7 g6 42. Rg7 Rxb2 43. Rxg6+ Ke5 44. Rb6 Rb3+ 45. Ke2 Kf4 46.
g6 Rb2+ 47. Ke1 b4 48. Ra6 Rg2 49. Kf1 Kf3 50. Rxa5 Rxg6 51. Rxf5+ Ke3 52. Rh5
Kd2 53. Rh2+ Kc1 54. Ke2 b3 55. Kd3 Rg3+ 56. Kc4 b2 57. Rh1+ Kc2 58. Rh2+ Kb1
59. Rh6 Ra3 60. Kb4 Ka2 61. Rh2 Ra8 62. Kc3 Rc8+ 63. Kb4 0-1

[Event "Festival INGEM - PLZEŇ 2012"]
[Site "Plzeň (Česká republika)"]
[Date "2012.08.20"]
[Round "3.10"]
[White "Chudinovskikh, Alexander M"]
[Black "Lorenc, David"]
[Result "1-0"]
[WhiteElo "2248"]
[BlackElo "1699"]
[PlyCount "93"]
[EventDate "2012.08.18"]
[Source "ChessBase"]
[SourceDate "1996.11.15"]

1. d4 Nf6 2. Nf3 c5 3. c3 e6 4. Bf4 d5 5. e3 cxd4 6. exd4 Be7 7. Nbd2 O-O 8.
Bd3 b6 9. Qe2 Bb7 10. O-O Nbd7 11. h3 Re8 12. Rfe1 Rc8 13. Rad1 Nf8 14. Ne5 Ng6
15. Bg5 Ne4 16. Bxe7 Qxe7 17. Nxg6 hxg6 18. Nxe4 dxe4 19. Bxe4 Red8 20. Qf3
Bxe4 21. Rxe4 Rd5 22. Rde1 Rb5 23. R1e2 Qd7 24. h4 Rf5 25. Qe3 Ra5 26. b3 Qc7
27. c4 Rd8 28. b4 Rh5 29. c5 bxc5 30. bxc5 g5 31. Qh3 Qb8 32. g3 Qb1+ 33. Kg2
Qd3 34. Qg4 f5 35. Qxh5 fxe4 36. hxg5 Rf8 37. Re3 Qd2 38. Qe2 Qxd4 39. c6 Qc5
40. Rxe4 Qxc6 41. f3 Re8 42. g6 e5 43. Qc4+ Re6 44. Qb3 Qd6 45. Rb4 Qd2+ 46.
Kf1 Qc1+ 47. Ke2 1-0

[Event "Festival INGEM - PLZEŇ 2012"]
[Site "Plzeň (Česká republika)"]
[Date "2012.08.20"]
[Round "3.11"]
[White "Cecil, Pavel"]
[Black "Michalek, Jan"]
[Result "0-1"]
[WhiteElo "1965"]
[BlackElo "2327"]
[PlyCount "33"]
[EventDate "2012.08.18"]
[Source "ChessBase"]
[SourceDate "1996.11.15"]

1. Nf3 c5 2. g3 g6 3. Bg2 Bg7 4. c4 Nc6 5. O-O e5 6. Nc3 Nge7 7. d3 d6 8. Bd2
O-O 9. a3 a5 10. e4 f5 11. Nd5 h6 12. b4 fxe4 13. dxe4 Bg4 14. h3 Bxf3 15. Bxf3
axb4 16. Qc1 Nxd5 17. cxd5 0-1

[Event "Festival INGEM - PLZEŇ 2012"]
[Site "Plzeň (Česká republika)"]
[Date "2012.08.20"]
[Round "3.12"]
[White "Spacek, Jan"]
[Black "Pokorny, Jiri"]
[Result "1/2-1/2"]
[WhiteElo "1762"]
[BlackElo "1939"]
[PlyCount "49"]
[EventDate "2012.08.18"]
[Source "ChessBase"]
[SourceDate "1996.11.15"]

1. e4 c5 2. Nf3 d6 3. d4 cxd4 4. Nxd4 Nf6 5. Nc3 a6 6. Bd3 e5 7. Nf3 Be7 8. O-O
b5 9. Ne2 Bb7 10. Ng3 O-O 11. Bg5 Nbd7 12. c3 Nc5 13. Bxf6 Bxf6 14. Bc2 d5 15.
exd5 Qxd5 16. Nh5 Qc6 17. Nxf6+ Qxf6 18. Ne1 Qg5 19. Qc1 Qxc1 20. Rxc1 Rad8 21.
b4 Ne4 22. Bxe4 Bxe4 23. f3 Bb7 24. c4 bxc4 25. Rxc4 1/2-1/2

[Event "Festival INGEM - PLZEŇ 2012"]
[Site "Plzeň (Česká republika)"]
[Date "2012.08.20"]
[Round "3.13"]
[White "Kejzlar, Lubos"]
[Black "Hrdlicka, Vaclav"]
[Result "1-0"]
[WhiteElo "1920"]
[BlackElo "1740"]
[PlyCount "31"]
[EventDate "2012.08.18"]
[Source "ChessBase"]
[SourceDate "1996.11.15"]

1. e4 c5 2. d4 cxd4 3. c3 d5 4. Qxd4 dxe4 5. Qxe4 Nf6 6. Bb5+ Nbd7 7. Qe2 e6 8.
Nf3 Be7 9. O-O O-O 10. Bf4 Nd5 11. Bg3 N7f6 12. c4 Nc7 13. Rd1 Bd7 14. Bxd7
Nxd7 15. Ne5 Bf6 16. Nxd7 1-0

[Event "Festival INGEM - PLZEŇ 2012"]
[Site "Plzeň (Česká republika)"]
[Date "2012.08.20"]
[Round "3.14"]
[White "Novy, Jan"]
[Black "Saez Coma, Alejandro"]
[Result "1-0"]
[WhiteElo "1723"]
[BlackElo "1906"]
[PlyCount "75"]
[EventDate "2012.08.18"]
[Source "ChessBase"]
[SourceDate "1996.11.15"]

1. c4 Nf6 2. Nc3 b6 3. e4 e5 4. d3 Bc5 5. a3 a5 6. Be3 d6 7. Qd2 O-O 8. Bg5 c6
9. Be2 Re8 10. Nf3 Nbd7 11. O-O Nf8 12. h3 h6 13. Be3 Ne6 14. Rab1 Bd4 15. Nd1
d5 16. Qc2 dxe4 17. dxe4 Nc5 18. Nd2 Qd6 19. b4 axb4 20. axb4 Na6 21. c5 bxc5
22. Nc4 Qe7 23. Nb6 Rb8 24. Nxc8 Rbxc8 25. Bxa6 Ra8 26. Bd3 cxb4 27. Bd2 c5 28.
Ne3 Red8 29. Nf5 Qd7 30. Bc4 Ra3 31. Rb3 Nxe4 32. Qxe4 Rxb3 33. Qg4 e4 34.
Nxh6+ Kf8 35. Nxf7 Qe8 36. Bxb3 Be5 37. Bf4 Bxf4 38. Qxf4 1-0

[Event "Festival INGEM - PLZEŇ 2012"]
[Site "Plzeň (Česká republika)"]
[Date "2012.08.20"]
[Round "3.15"]
[White "Hajek, Jiri"]
[Black "Hollan, Martin"]
[Result "0-1"]
[WhiteElo "1874"]
[BlackElo "1670"]
[PlyCount "82"]
[EventDate "2012.08.18"]
[Source "ChessBase"]
[SourceDate "1996.11.15"]

1. d4 Nf6 2. Nf3 e6 3. Bg5 b6 4. e3 Bb7 5. Bd3 d6 6. O-O Nbd7 7. Nbd2 Be7 8. c4
h6 9. Bh4 O-O 10. Qc2 c5 11. Rac1 a5 12. Rfd1 Nh5 13. Bxe7 Qxe7 14. Be2 Rad8
15. Ne1 Nhf6 16. Bf3 d5 17. b3 e5 18. cxd5 Nxd5 19. dxc5 Nxc5 20. Ne4 Nb4 21.
Qb1 Bxe4 22. Bxe4 Nxe4 23. Qxe4 Nxa2 24. Rxd8 Qxd8 25. Ra1 Qd2 26. Qc4 Nc3 27.
Nf3 Qb2 28. Re1 b5 29. Qc7 e4 30. Nd4 Qd2 31. Rf1 a4 32. bxa4 bxa4 33. Nf5 Ne2+
34. Kh1 Qc3 35. Ne7+ Kh7 36. Qb7 Qc4 37. Ra1 a3 38. h4 Qc3 39. Qxe4+ f5 40. Qb1
Qf6 41. Nxf5 Qxf5 0-1

[Event "Festival INGEM - PLZEŇ 2012"]
[Site "Plzeň (Česká republika)"]
[Date "2012.08.20"]
[Round "3.16"]
[White "Leseticky, Vladimir"]
[Black "Berka, Lubos"]
[Result "1/2-1/2"]
[WhiteElo "1647"]
[BlackElo "1862"]
[PlyCount "56"]
[EventDate "2012.08.18"]
[Source "ChessBase"]
[SourceDate "1996.11.15"]

1. e4 d6 2. Nf3 Nf6 3. Nc3 g6 4. d4 Bg7 5. Be3 O-O 6. Be2 Nc6 7. O-O e5 8. d5
Ne7 9. Qd2 Ng4 10. Bg5 h6 11. Bh4 g5 12. Bg3 f5 13. exf5 Nxf5 14. Ne4 Nf6 15.
Bd3 Nxd5 16. Bc4 c6 17. Bxd5+ cxd5 18. Qxd5+ Kh8 19. Rad1 Nxg3 20. hxg3 Qb6 21.
b3 Bf5 22. Nxd6 Bxc2 23. Nxe5 Bxe5 24. Qxe5+ Kg8 25. Qe6+ Kg7 26. Qd7+ Kg8 27.
Rde1 Rad8 28. Qe6+ Kg7 1/2-1/2

[Event "Festival INGEM - PLZEŇ 2012"]
[Site "Plzeň (Česká republika)"]
[Date "2012.08.20"]
[Round "3.21"]
[White "Zoubek, Vladimir"]
[Black "Vecera, Petr"]
[Result "0-1"]
[WhiteElo "1659"]
[BlackElo "1986"]
[PlyCount "98"]
[EventDate "2012.08.18"]
[Source "ChessBase"]
[SourceDate "1996.11.15"]

1. Nf3 d6 2. c4 e5 3. Nc3 Nc6 4. d4 Bd7 5. g3 Be7 6. Bg2 f5 7. e4 Nf6 8. dxe5
Nxe4 9. exd6 Nxc3 10. Qd3 Bxd6 11. bxc3 Qe7+ 12. Qe3 O-O-O 13. O-O Qxe3 14.
Bxe3 f4 15. Bd4 Rhg8 16. Rfe1 g5 17. Bf6 Rdf8 18. Bxg5 fxg3 19. hxg3 Rxf3 20.
Bxf3 Rxg5 21. Re4 Ne5 22. Kg2 Nxf3 23. Kxf3 Bc6 24. Ke3 Bxe4 25. Kxe4 Kd7 26.
a4 Kc6 27. Rh1 h5 28. Rh3 Re5+ 29. Kd3 Bc5 30. Rh2 Re1 31. Kd2 Ra1 32. Kd3 Ra2
33. Rxh5 Rxf2 34. Rh6+ Bd6 35. g4 Rg2 36. Rg6 Ra2 37. Kd4 Rxa4 38. g5 Ra5 39.
Rg8 Rf5 40. g6 Rg5 41. Ke4 a5 42. g7 a4 43. Ra8 Rxg7 44. Rxa4 Rg3 45. Kd4 Bc5+
46. Ke4 Re3+ 47. Kf4 Rxc3 48. Ke4 Re3+ 49. Kf4 Ra3 0-1

[Event "Festival INGEM - PLZEŇ 2012"]
[Site "Plzeň (Česká republika)"]
[Date "2012.08.20"]
[Round "3.22"]
[White "Wittenberger, Stefan"]
[Black "Palkova, Hana"]
[Result "0-1"]
[WhiteElo "1601"]
[BlackElo "1971"]
[PlyCount "68"]
[EventDate "2012.08.18"]
[Source "ChessBase"]
[SourceDate "1996.11.15"]

1. e4 c5 2. Nf3 e6 3. c3 Nf6 4. e5 Nd5 5. c4 Nb6 6. a4 d5 7. a5 Nxc4 8. Bxc4
dxc4 9. Qa4+ Bd7 10. Qxc4 Nc6 11. a6 b5 12. Qxb5 Nxe5 13. Qe2 Nxf3+ 14. Qxf3
Qc8 15. Nc3 Be7 16. O-O O-O 17. b3 Rb8 18. Qd1 Rb6 19. Bb2 Rxa6 20. Qg4 e5 21.
Qg3 Rg6 22. Qe3 Bh3 23. Nd5 Bd8 24. Qxe5 Qb7 25. f3 Rxg2+ 26. Kh1 Rg5 27. Qc3
Bxf1 28. Rxf1 Qxd5 29. h4 Rg6 30. Rg1 Rxg1+ 31. Kxg1 Bf6 32. Qc2 Bxb2 33. Qxb2
Qd4+ 34. Qxd4 cxd4 0-1

[Event "Festival INGEM - PLZEŇ 2012"]
[Site "Plzeň (Česká republika)"]
[Date "2012.08.20"]
[Round "3.26"]
[White "Chalus, Karel"]
[Black "Holy, Filip"]
[Result "1-0"]
[WhiteElo "2049"]
[BlackElo "1579"]
[PlyCount "39"]
[EventDate "2012.08.18"]
[Source "ChessBase"]
[SourceDate "1996.11.15"]

1. Nf3 Nf6 2. g3 d5 3. Bg2 g6 4. c4 c6 5. d4 Bg7 6. O-O O-O 7. Nc3 a6 8. Ne5 b5
9. cxd5 cxd5 10. Bg5 b4 11. Na4 Be6 12. Nc5 h6 13. Bxf6 Bxf6 14. Nxe6 fxe6 15.
Nxg6 Re8 16. Nf4 Qd6 17. Qd3 Rf8 18. Qg6+ Bg7 19. Nh5 Rf7 20. Bh3 1-0

[Event "Festival INGEM - PLZEŇ 2012"]
[Site "Plzeň (Česká republika)"]
[Date "2012.08.20"]
[Round "3.27"]
[White "Fakan, Petr"]
[Black "Kantor, Jozef"]
[Result "0-1"]
[WhiteElo "1495"]
[BlackElo "1884"]
[PlyCount "40"]
[EventDate "2012.08.18"]
[Source "ChessBase"]
[SourceDate "1996.11.15"]

1. e4 d6 2. d4 Nf6 3. Bd3 g6 4. Nc3 Bg7 5. Nf3 O-O 6. Be3 Re8 7. Qd2 e5 8. Bg5
c6 9. O-O-O Bg4 10. h3 Bxf3 11. gxf3 exd4 12. Ne2 c5 13. Ng3 Nc6 14. h4 Rb8 15.
h5 b5 16. f4 c4 17. Be2 c3 18. Qd3 Qa5 19. Kb1 Nb4 20. Qf3 Qxa2+ 0-1